| 000 -LEADER |
| fixed length control field |
00767nam a2200217Ia 4500 |
| 001 - CONTROL NUMBER |
| control field |
3304 |
| 003 - CONTROL NUMBER IDENTIFIER |
| control field |
GE_BSU |
| 008 - FIXED-LENGTH DATA ELEMENTS--GENERAL INFORMATION |
| fixed length control field |
181216s||||||||xx |||||||||||||| ||und|| |
| 040 ## - CATALOGING SOURCE |
| Transcribing agency |
GE_BSU |
| 080 ## - UNIVERSAL DECIMAL CLASSIFICATION NUMBER |
| Universal Decimal Classification number |
69.059(035)+728 |
| 100 ## - MAIN ENTRY--PERSONAL NAME |
| Personal name |
Лысова,А.И. Голант,Ш.Н. Волъфсон,В.Л. Рабинович,Г.М. |
| 245 ## - TITLE STATEMENT |
| Title |
Справочник по капитальному ремонту жилых зданий. |
| 245 ## - TITLE STATEMENT |
| Statement of responsibility, etc. |
Ред. В.А.Ануфриева. |
| 250 ## - EDITION STATEMENT |
| Edition statement |
Изд. 2-ое, перераб. и доп. |
| 260 ## - PUBLICATION, DISTRIBUTION, ETC. |
| Place of publication, distribution, etc. |
Л. |
| 260 ## - PUBLICATION, DISTRIBUTION, ETC. |
| Name of publisher, distributor, etc. |
Стройиздат. |
| 260 ## - PUBLICATION, DISTRIBUTION, ETC. |
| Date of publication, distribution, etc. |
1977. |
| 300 ## - PHYSICAL DESCRIPTION |
| Extent |
358 стр. 20 см. |
| 653 ## - INDEX TERM--UNCONTROLLED |
| Uncontrolled term |
Справочник по капитальному ремонту жилых зданий. |
| 942 ## - ADDED ENTRY ELEMENTS (KOHA) |
| Koha item type |
წიგნი |